[Event "Centrocoop op"]
[Site "Eforie Nord"]
[Date "2000.??.??"]
[Round "?"]
[White "Domanyek, Erno"]
[Black "Tamasanu, Tiberiu"]
[Result "1/2-1/2"]
[WhiteElo "2090"]
[BlackElo "1680"]
[PlyCount "89"]
[EventDate "2000.??.??"]
[EventType "swiss"]
[EventRounds "9"]
[EventCountry "ROU"]
[SourceTitle "EXT 2004"]
[Source "ChessBase"]
[SourceDate "2003.11.25"]
[SourceVersion "1"]
[SourceVersionDate "2003.11.25"]
[SourceQuality "1"]

1. e4 c6 2. d4 d5 3. e5 Bf5 4. Nc3 e6 5. g4 Bg6 6. Nge2 c5 7. h4 h6 8. f4 h5 9. f5 exf5 10. g5 cxd4 11. Nxd4 Nc6 12. Bg2 Bb4 13. Bf4 Nge7 14. a3 Bxc3+ 15. bxc3 Qa5 16. Rh3 Nxd4 17. Qxd4 0-0 18. Rb1 b6 19. a4 Rac8 20. Rb5 Qa6 21. Bf1 Qb7 22. a5 Nc6 23. Qa4 Rfe8 24. Re3 Re6 25. axb6 axb6 26. Rxd5 Ra8 27. Qb3 Ra1+ 28. Kf2 Ne7 29. Rd8+ Kh7 30. Bg2 Qc7 31. Rd6 Qc5 32. Rd4 Nc6 33. Rc4 Na5 34. Rxc5 Nxb3 35. Rc8 Nc5 36. Re2 Ne4+ 37. Bxe4 fxe4 38. Rd2 Ra2 39. Rdd8 Rxc2+ 40. Ke3 Bf5 41. Rh8+ Kg6 42. Kd4 Rf2 43. Rcg8 Bh3 44. Be3 Rh2 45. Rh6+ 1/2-1/2

[Event "Centrocoop op"]
[Site "Eforie Nord"]
[Date "2000.??.??"]
[Round "?"]
[White "Istrati, Viorica"]
[Black "Tamasanu, Tiberiu"]
[Result "1-0"]
[WhiteElo "2120"]
[BlackElo "1680"]
[PlyCount "37"]
[EventDate "2000.??.??"]
[EventType "swiss"]
[EventRounds "9"]
[EventCountry "ROU"]
[SourceTitle "EXT 2004"]
[Source "ChessBase"]
[SourceDate "2003.11.25"]
[SourceVersion "1"]
[SourceVersionDate "2003.11.25"]
[SourceQuality "1"]

1. e4 c6 2. d4 d5 3. f3 dxe4 4. fxe4 e5 5. Nf3 exd4 6. Bc4 Be6 7. Bxe6 fxe6 8. 0-0 Be7 9. Nxd4 Nf6 10. Nxe6 Qxd1 11. Rxd1 Na6 12. Nxg7+ Kf7 13. Nf5 Rad8 14. Rf1 Nb4 15. Na3 Bc5+ 16. Be3 Bxe3+ 17. Nxe3 Rhe8 18. Ng4 Re6 19. e5 1-0

[Event "Centrocoop op"]
[Site "Eforie Nord"]
[Date "2000.??.??"]
[Round "?"]
[White "Izraelyants, Karen"]
[Black "Tamasanu, Tiberiu"]
[Result "1/2-1/2"]
[WhiteElo "2165"]
[BlackElo "1680"]
[PlyCount "125"]
[EventDate "2000.??.??"]
[EventType "swiss"]
[EventRounds "9"]
[EventCountry "ROU"]
[SourceTitle "EXT 2004"]
[Source "ChessBase"]
[SourceDate "2003.11.25"]
[SourceVersion "1"]
[SourceVersionDate "2003.11.25"]
[SourceQuality "1"]

1. Nf3 Nf6 2. c4 c6 3. Nc3 d5 4. d4 a6 5. cxd5 cxd5 6. g3 Nc6 7. Bg2 Bf5 8. 0-0 e6 9. Nh4 Bg4 10. h3 Bh5 11. g4 Bg6 12. Nxg6 hxg6 13. Bg5 Be7 14. e3 Ne4 15. Bxe7 Qxe7 16. Nxe4 dxe4 17. Rc1 f5 18. f3 Qg5 19. Qe2 exf3 20. Qxf3 0-0 21. Qg3 fxg4 22. hxg4 Ne7 23. Rxf8+ Rxf8 24. Kh2 Nd5 25. Rc5 b6 26. Rc6 Nxe3 27. Rxe6 Nxg4+ 28. Kg1 Qf5 29. Re1 Qa5 30. Re2 Qf5 31. Bh3 Qb1+ 32. Re1 Qxb2 33. Bxg4 Qxd4+ 34. Kg2 Qd2+ 35. Re2 Qd5+ 36. Kh2 Qc5 37. Be6+ Kh7 38. Rg2 Qh5+ 39. Kg1 Qd1+ 40. Kh2 Qh5+ 41. Kg1 Qd1+ 42. Kh2 Qh5+ 43. Qh3 Rf3 44. Rg3 Rxg3 45. Kxg3 Kh6 46. Bg4 Qxh3+ 47. Bxh3 b5 48. Kf4 g5+ 49. Ke5 Kh5 50. Bf1 g4 51. Kd5 Kh4 52. Kc5 Kg3 53. Kb6 Kf2 54. Bd3 g3 55. Be4 g5 56. Kxa6 g2 57. Bxg2 Kxg2 58. Kxb5 g4 59. a4 g3 60. a5 Kf2 61. a6 g2 62. a7 g1Q 63. a8Q 1/2-1/2

[Event "Centrocoop op"]
[Site "Eforie Nord"]
[Date "2000.??.??"]
[Round "?"]
[White "Tamasanu, Tiberiu"]
[Black "Pomarleanu, Dana"]
[Result "1-0"]
[WhiteElo "1680"]
[BlackElo "2070"]
[PlyCount "51"]
[EventDate "2000.??.??"]
[EventType "swiss"]
[EventRounds "9"]
[EventCountry "ROU"]
[SourceTitle "EXT 2004"]
[Source "ChessBase"]
[SourceDate "2003.11.25"]
[SourceVersion "1"]
[SourceVersionDate "2003.11.25"]
[SourceQuality "1"]

1. e4 g6 2. d4 Bg7 3. Nc3 c6 4. Nf3 d5 5. h3 Nf6 6. Bd3 dxe4 7. Nxe4 Nbd7 8. 0-0 Nxe4 9. Bxe4 Nf6 10. Bd3 h6 11. Re1 0-0 12. c3 e6 13. Bf4 Qe7 14. Qd2 g5 15. Be5 Bd7 16. h4 Nh7 17. Bxh7+ Kxh7 18. Bxg7 Kxg7 19. hxg5 hxg5 20. Nxg5 c5 21. d5 Rae8 22. Re3 Qxg5 23. Rg3 Qxg3 24. fxg3 exd5 25. Qg5+ Kh8 26. Kf2 1-0